000 00960nam a2200229Ia 4500
008 130821s2001 xxua gr eng
020 _a081352914X
020 _a813529131
040 _aCo-BoUCM
_bspa
041 0 0 _aeng
245 0 0 _aCommunities and the environment ethnicity, gender, and the state in community-based conservation
_cArun Agrawal and Clark C. Gibson ,editores
260 _aNew Brunswick (Nueva Jersey, Estados Unidos)
_bRutgers University Press
_c2001
300 _axiv, 205 páginas
_btablas
504 _aIncluye referencias bibliográficas e índice.
650 0 4 _aConservación de la naturaleza
_xParticipación ciudadana
_911653
650 0 4 _aConservación de los recursos naturales
_xParticipación ciudadana
_911659
650 0 4 _aMedio ambiente
_919225
700 1 _aAgrawal, Arun
_eed.
_9168626
700 1 _aGibson, Clark C.
_eed.
_9123663
942 _cLIBRO
_a7
_e1
_mC734
_2DEWEY
_h333.72
999 _c73499
_d73499